000 00597nam a2200241 a 4500
001 nice12345678
003 IN_TiNIC
005 20260116014632.0
008 070319s1993 newa grp 000 0 eng
020 _a8121505925
_c300
082 0 0 _a294.5921
_bRAJ
100 _aRajgopal, L V
245 _aCritique of Vedanta
260 _aNew Delhi
_bMunshiram Manoharlal Publishers
_c1993
300 _a280p
500 _aincludes index and biblioraphy
505 2 _abiblio, index
650 _aVedanta
700 1 _aRajgopal, L V
902 _bSRS
942 _cBK
999 _c16320
_d16320